Statistics for Russian Name Translation

Click here to take the quiz!

General Stats

  • This quiz has been taken 47 times
  • The average score is 17 of 21

Answer Stats

RussianEnglish% Correct
AleksandrAlexander
98%
SimeonSimon
98%
MikhailMichael
95%
AndreiAndrew
93%
YuliyaJulia
93%
YekaterinaKatherine
93%
NikolaiNicholas
93%
PyotrPeter
93%
FilippPhilip
93%
MariyaMary
90%
IvanJohn
88%
YakovJacob
86%
MatveiMatthew
86%
PavelPaul
83%
YelizavetaElizabeth
79%
GavrilGabriel
64%
YevgenyEugene
60%
YuriGeorge
60%
OlenaHelen
52%
FyedorTheodore
43%
IlyaElijah
24%

Score Distribution

Percentile by Number Answered

Percent of People with Each Score

Your Score History

You have not taken this quiz